LEADER 01030nam a2200253 a 4500 001 000000123939 003 CaOOAMICUS 005 20101215094529.0 008 101215t1972 bl u000 u por r 040 $aPUL$bita 041 1 $apor$heng 100 1 $aBach, Marcus.$0(OLS)http://pul/name/78174 240 10$aPower of perfect liberty.$lPortoghese.$0(OLS)http://pul/title/156254 245 12$aA força da perfeita libertade /$cMarcus Bach ; traduç?o de: Charmion M. Martini. 260 $aRio de Janeiro :$bBloch,$c1972. 300 $a153 p. ;$c21 cm 650 4$aLibertà$xAspetti religiosi.$0(OLS)http://pul/subject/37368 700 1 $aMartini, Charmion M.$0(OLS)http://pul/name/78175 850 $aPUL 852 $aPUL$W1$xDP1 Filosofia 1$y19$m590 H 75$j142805$qStampati$B141750$CPULBib$Z2$F141750 $H66909 $82 941 1 $a8 996 $6245$aA força da perfeita libertade$9(OLS)http://pul/title/156255 996 $6260$aRio de Janeiro :$bBloch$9(OLS)http://pul/publisher/81504 LEADER 01170nam a2200289 a 4500 001 000000172897 003 CaOOAMICUS 005 20191209163456.0 008 191209s2011 it u000 u ita r 020 $a978-88-315-4077-3* 032 $aLibriCat 040 $aPUL$bita 100 1 $aMazzeo, Michele.$0(OLS)http://pul/name/41902 245 10$aBibbia ed educazione : $bper una nuova evangelizzazione / $cMichele Mazzeo. 260 $aMilano :$bPaoline,$c2011. 300 $a313 p. ;$c19 cm 490 1 $aEvangelizzare oggi ;$v1 504 $aBibliografia in nota. 650 4$aEvangelizzazione$ySec. XXI.$0(OLS)http://pul/subject/27584 830 0$aEvangelizzare oggi$b(Paoline) ;$v1.$0(OLS)http://pul/title/213930 850 $aPUL 852 $aPUL$W1$xSL Religione 3$y85$m269. 2 MAZMI 1$j196881$qDDC 21$B201641$CPULBib$Z2$F201641 $H133792 $82 941 1 $a9 996 $6020$a978-88-315-4077-3*$9(OLS)http://pul/number/166913 996 $6245$aBibbia ed educazione : $bper una nuova evangelizzazione / $9(OLS)http://pul/title/213929 996 $6260$aMilano :$bPaoline$9(OLS)http://pul/publisher/60808